| 000 | 00807nam 22002533 4500 | ||
|---|---|---|---|
| 001 | 200282 | ||
| 010 | _a978-989-23-4807-0 | ||
| 021 |
_aPT _b467711/20 |
||
| 090 | _a200282 | ||
| 100 | _a20260130d u||y0pory50 ba | ||
| 101 | _apor | ||
| 102 | _aPT | ||
| 200 |
_aA Ovelha Estrelinha e o Gato Chiribi _fAntónio Mota _gIlustração de Cátia Vidinhas |
||
| 205 | _a1ª | ||
| 210 |
_aAlfragide _cEdições Asa II _d2020 |
||
| 215 |
_a27, [3] p. : il. _cEncadernado _d25 x 25 cm |
||
| 225 |
_aObras de António Mota _v37 |
||
| 606 |
_922 _aLiteratura Infantil Portuguesa |
||
| 675 |
_a821.134.3-93/MOT/OVE _vPT _zpor |
||
| 700 |
_9932 _aMota _bAntónio _f1957- |
||
| 702 |
_93387 _aVidinhas _bCátia (ilustração) _f1989- |
||
| 801 |
_aPT _bBMMN _gRPC |
||
| 830 |
_cCarlos Pinto _d30-01-2026 _fCarlos Pinto |
||
| 990 | _cLIVROS | ||